| 000 | 00994nam a2200289 a 4500 | ||
|---|---|---|---|
| 003 | MX-MxUPN | ||
| 005 | 20240902154114.0 | ||
| 008 | 991125n1935 sp fr 001 0 spa d | ||
| 035 | _aUPN01000020624 | ||
| 040 |
_aMX-MxUPN _bspa _cMX-MxUPN |
||
| 041 | _aspa | ||
| 050 | 4 |
_aLB1051 C5.2 _b1935 |
|
| 100 | 1 |
_aClaparède, Edouard, _d1873-1940 _930301 |
|
| 245 | 1 | 3 | _aLa escuela y la psicología experimental |
| 250 | _aTercera edición | ||
| 260 |
_aMadrid : _bPublicaciones de la Revista de Pedagogía, _c1935. |
||
| 300 | _a110 páginas | ||
| 504 | _aIncluye índice. | ||
| 650 | 4 |
_aPsicología educativa _95197 |
|
| 700 | 1 |
_930333 _aLuzuriaga, Lorenzo, _d1889-1959 _eestudio preliminar |
|
| 710 | 2 |
_951335 _aMuseo Pedagógico Nacional (México) _epropietario anterior |
|
| 710 | 1 |
_951349 _aMéxico. _bSecretaría de Educación Pública. _bBiblioteca Pública _epropietario anterior |
|
| 902 | _bMaríaRobles/020924 | ||
| 904 |
_aAC _b020625 |
||
| 905 | _aLibro | ||
| 942 |
_2lcc _cLIBRO _n0 |
||
| 999 |
_c20624 _d20624 |
||